| 000 | 00580nam a2200205Ia 4500 | ||
|---|---|---|---|
| 999 |
_c7055 _d7055 |
||
| 001 | 4960060 | ||
| 003 | OCoLC | ||
| 005 | 20190122171938.0 | ||
| 008 | 790514s1971 caua 000 0 eng d | ||
| 040 |
_aICW _cICW _dBSC |
||
| 082 |
_a301.43 _bL911W |
||
| 092 |
_a248.845 _bL911w |
||
| 100 | 1 |
_aLovett, C. S. _q(Cummings Samuel), _d1917- |
|
| 245 | 1 | 0 |
_aWhat's a parent to do? / _cby C. S. Lovett. |
| 260 |
_aBaldwin Park, Calif. : _bPersonal Christianity, _c1971. |
||
| 300 |
_a8-268 p. : _bill. ; _c20 cm. |
||
| 650 | 0 | _aAdolescence. | |
| 650 | 0 | _aParent and child. | |
| 942 |
_2ddc _cBK |
||